000 00958nam a22003250a 4500
001 PT51759
003 AR-LpoUNG
005 20260120142036.0
008 201001s2014||||ag |||||||||||||||||spa d
020 _a9789876301800
_c$1,80
040 _aAR-LpoUNG
_bspa
_eaacr
041 _aspa
044 _aag
082 0 _aR320.014 228dic
100 1 _aAdelstein, Andreína
_ecoor.
245 1 0 _aDiccionario del léxico corriente de la política argentina :
_bpalabras en democracia : 1983-2013
250 _a1ra. ed.
260 _aBuenos Aires :
_bUniversidad Nacional de General Sarmiento,
_c2014.
300 _a380 p. :
_bgráfs.
490 0 _aPolítica, políticas y sociedad
650 4 _aCOMPORTAMIENTO POLITICO
650 4 _aDICCIONARIOS
650 4 _aPOLITICA NACIONAL
650 4 _aPROBLEMAS POLITICOS
650 4 _aTERMINOLOGIA
651 4 _aArgentina
700 1 _aVommaro, Gabriel
_ecoor.
905 _a51759
942 _cLSALA
_2ddc
999 _c51229
_d51229